Statistics for U.S. States by Incomplete Outlines

Click here to take the quiz!

General Stats

  • This quiz has been taken 31 times
  • The average score is 6 of 10

Answers on the Map

Answers color-coded by a green-red scale on the quiz's map according to % correct below.
 

Answer Stats

States% Correct
Texas
84%
Ohio
80%
Minnesota
68%
New York
64%
Idaho
56%
Florida
52%
Arizona
48%
Alaska
44%
Missouri
44%
Maryland
36%

Score Distribution

Percentile by Number Answered

Percent of People with Each Score

Your Score History

You have not taken this quiz